Ein Ablassbrief für das Kloster Zeven von 1335
| Main Author: | |
|---|---|
| Format: | Print Article |
| Language: | German |
| Check availability: | HBZ Gateway |
| Interlibrary Loan: | Interlibrary Loan for the Fachinformationsdienste (Specialized Information Services in Germany) |
| Published: |
[2016]
|
| In: |
Jahrbuch für Geschichte und Kunst im Bistum Hildesheim
Year: 2014, Volume: 82/83, Pages: 36-37 |
| Standardized Subjects / Keyword chains: | B
Kloster Zeven
/ Letter of indulgence
|
| IxTheo Classification: | CE Christian art KAF Church history 1300-1500; late Middle Ages KBB German language area NBE Anthropology |
MARC
| LEADER | 00000caa a2200000 c 4500 | ||
|---|---|---|---|
| 001 | 889235236 | ||
| 003 | DE-627 | ||
| 005 | 20260112153715.0 | ||
| 007 | tu | ||
| 008 | 160830s2016 xx ||||| 00| ||ger c | ||
| 035 | |a (DE-627)889235236 | ||
| 035 | |a (DE-576)47663055X | ||
| 035 | |a (DE-599)GBV889235236 | ||
| 040 | |a DE-627 |b ger |c DE-627 |e rda | ||
| 041 | |a ger | ||
| 084 | |a 1 |2 ssgn | ||
| 100 | 1 | |e VerfasserIn |0 (DE-588)1048085945 |0 (DE-627)779808924 |0 (DE-576)401929086 |4 aut |a Hoffmann, Christian |d 1966- | |
| 109 | |a Hoffmann, Christian 1966- | ||
| 245 | 1 | 4 | |a Ein Ablassbrief für das Kloster Zeven von 1335 |c Christian Hoffmann |
| 264 | 1 | |c [2016] | |
| 300 | |b 1 Illustration (farbig) | ||
| 336 | |a Text |b txt |2 rdacontent | ||
| 337 | |a ohne Hilfsmittel zu benutzen |b n |2 rdamedia | ||
| 338 | |a Band |b nc |2 rdacarrier | ||
| 652 | |a CE:KAF:KBB:NBE | ||
| 689 | 0 | 0 | |d b |0 (DE-588)16118543-5 |0 (DE-627)709780648 |0 (DE-576)340639229 |2 gnd |a Kloster Zeven |
| 689 | 0 | 1 | |d s |0 (DE-588)4615406-1 |0 (DE-627)326393773 |0 (DE-576)214286215 |2 gnd |a Ablassbrief |
| 689 | 0 | |5 (DE-627) | |
| 773 | 0 | 8 | |i Enthalten in |t Jahrbuch für Geschichte und Kunst im Bistum Hildesheim |d Regensburg : Verlag Schnell + Steiner, 2006 |g 82/83(2014/2015), Seite 36-37 |w (DE-627)517569744 |w (DE-600)2251181-7 |w (DE-576)25750544X |x 1863-8139 |7 nnas |
| 773 | 1 | 8 | |g volume:82/83 |g year:2014/2015 |g pages:36-37 |
| 889 | |w (DE-627)1045229466 | ||
| 935 | |a DTH5 | ||
| 935 | |i mdedup | ||
| 951 | |a AR | ||
| ELC | |b 1 | ||
| ITA | |a 1 |t 1 | ||
| LOK | |0 000 xxxxxcx a22 zn 4500 | ||
| LOK | |0 001 3323179919 | ||
| LOK | |0 003 DE-627 | ||
| LOK | |0 004 889235236 | ||
| LOK | |0 005 20160906135802 | ||
| LOK | |0 008 160830||||||||||||||||ger||||||| | ||
| LOK | |0 040 |a DE-Tue135 |c DE-627 |d DE-Tue135 | ||
| LOK | |0 092 |o n | ||
| LOK | |0 852 |a DE-Tue135 | ||
| LOK | |0 852 1 |9 00 | ||
| LOK | |0 935 |a ixzs | ||
| LOK | |0 936ln |0 1442044721 |a KBB | ||
| LOK | |0 936ln |0 1442044535 |a KAF | ||
| LOK | |0 936ln |0 144205168X |a NBE | ||
| LOK | |0 936ln |0 1442043881 |a CE | ||
| LOK | |0 939 |a 30-08-16 |b l01 | ||
| ORI | |a SA-MARC-ixtheoa001.raw | ||
| STA | 0 | 0 | |a Letter of indulgence |
| STB | 0 | 0 | |a Lettre d'indulgence |
| STC | 0 | 0 | |a Carta de indulgencia |
| STD | 0 | 0 | |a Lettera di indulgenza |
| STG | 0 | 0 | |a Carta de indulgência |
| STH | 0 | 0 | |a Свидетельство о получении индульгенции,Индульгенция |
| STI | 0 | 0 | |a Συγχωροχάρτι |
| SYG | 0 | 0 | |a Benediktinerinnenkloster Zeven , Beichtbrief,Litterae indulgentiales,Confessionale,Indulgenzbrief,Ablassblatt |
| TIM | |a 100011410101_100016451231 |b 1141 - 1645 | ||